000 00779nam a22002057a 4500
999 _c12
_d12
003 AR-CdUCM
008 190220b1990 pe ||||| |||| 00| 0 spa d
040 _aMUNICIPALIDAD PROVINCIAL DEL CUSCO
_cBIBLIOTECA MUNICIPAL DEL CUSCO
082 _a869.56 /
_bT72
100 _aLa Torre Vega , Rodolfo
_965
245 _aEl retorno de los sueños /
260 _aLima :
_b"B&V" Editores Gráficos,
_c1990.
300 _a91 pagínas ;
_bilustraciones ;
_c20 cm.
505 _aContenido: El restaurador -- El candidato -- La peste blanca -- El zorro negro -- La terciana -- Para que nada malo te ocurra -- Veloz violento -- Don Trinfalo de Huaytuna.
650 _aCuentos peruanos
_97
650 _aCuentos andinos
_966
650 _aNarrativa
_967
942 _2ddc
_cLIBROS
945 _azta